Aktuálna reakcia na problémy K politickej alternatíve 25. zjazdu KS Rakúska

Bibliographic Details
Main Author: (merkl) (Author)
Format: Article
Language:Slovak
Subjects:

MARC

LEADER 00000nab a2200000 a 4500
001 vtls000172976
003 SK-MaSNL
005 20260304045635.0
008 111104c1984 xo 0 slo
015 |a SNBRB19rr/mm-uuuuu 
035 |a CL0183088 
040 |a SNKBUCL  |b slo  |c SNKBUCL  |e AACR2 
041 0 |a slo 
044 |a xo  |c SK 
080 |a 329.15(100-19)(436)  |2 1981 
100 1 |a (merkl)  |4 aut  |9 923834 
245 1 0 |a Aktuálna reakcia na problémy  |b K politickej alternatíve 25. zjazdu KS Rakúska  |c (merkl) 
610 2 7 |a Kommunistische Partei Österreichs  |2 snkbucl  |9 186365 
650 0 7 |a komunistické strany  |2 snkbucl  |9 3597 
651 7 |a Rakúsko  |2 snkbucl  |9 18533 
655 7 |a články z novín a časopisov  |2 snkbucl  |9 267496 
773 0 |t Práca  |g Roč. 39, č. 11 (13. 1. 1984), s. 3 
850 |a Slovenská národná knižnica v Martine  |a MTA001 
852 |a SNK  |b KIS3GCP 
958 |a RK 
992 |a RBX 
999 |c 2693666  |d 2695596